000 00693nam a2200205 a 4500
001 000025147
005 20200930023604.0
008 110208s1976 ||| r 000 | spa d
040 _aDO-SdBNP
_bspa
_cBNPHU
041 _aeng
_hspa
_2Código de idioma MARC
082 _axxx
_bA193l
100 1 _aAshcraft , Morris
_951564
240 0 _aThe forgiveness of sins.
_lEspañol
245 1 3 _aEl Perdon de pecados /
_cMorris Ashcraft ; traducción María Teresa La Valle.
260 _a[ s. l. ] :
_bCasa Bautista de Publicaciones,
_c1976.
300 _a143 p. ;
_c18 cm.
534 _aTítulo original :
_tThe forgiveness of sins.
700 1 _aValle, María Teresa La
_etr.
_951565
049 _aBNGR
999 _c24640
_d24640